Statistics for Largest Cities on Each Continent Beginning with 'W', 'X', 'Y' or 'Z'

Click here to take the quiz!

General Stats

  • This quiz has been taken 138 times
  • The average score is 10 of 34

Answer Stats

ContinentPopulationAnswer% Correct
North America8,550,000Washington
82%
Asia9,250,000Wŭhàn
75%
Asia10,200,000Xiàmén
74%
Europe2,350,000Warsaw
72%
Europe688,163Zagreb
71%
Oceania215,100Wellington
69%
Africa3,500,000Yaoundé
64%
Europe1,414,771Zurich
60%
Asia5,750,000Yangon
57%
Asia5,100,000Zhèngzhōu
47%
Asia5,400,000Wēnzhōu
33%
Oceania309,887Wollongong
33%
Europe681,877Zaragoza
33%
Europe641,928Wrocław
32%
North America682,159Wichita-Winfield
29%
Asia3,600,000Zībó
28%
Africa501,459Zanzibar
26%
North America850,056Winnipeg
25%
North America978,529Worcester
21%
Europe722,713Zaporizhia
13%
Oceania56,887Wagga Wagga
9%
Africa1,030,000Warri
8%
North America675,966Winston-Salem
7%
Africa424,275
Zagazig
3%
Oceania54,400Whangarei
3%
North America789,157Xalapa
3%
South America109,000Zárate
3%
Africa1,030,000Zaria
3%
Africa400,000Yola
2%
South America152,400Yopal
2%
South America95,100Yumbo
2%
South America77,668Warnes
1%
South America100,200Yaritagua
1%
South America122,000Zipaquirá
1%

Score Distribution

Percentile by Number Answered

Percent of People with Each Score

Your Score History

You have not taken this quiz